Responses for Show #7916 - Monday, January 28, 2019

Contestants

[<< previous game]

Saurabh Kapadia, a finance analyst from New York, New York

Jill Regan, an auditor from Dedham, Massachusetts

Steven Oppenheim, a supply chain analyst from Shaker Heights, Ohio (whose 1-day cash winnings total $33,201)

[next game >>]

Jeopardy! Round responses

PLANT THE FLAG
CELEBRITIES: THEY'RE JUST LIKE US!
NONFICTION
BLACKJACK
"ACE" SHOWING
INSURANCE
    $200 6
a laurel wreath

Triple Stumper
    $200 7
the Staples Center

Steve-O
    $200 4
dictionaries

Steve-O
    $200 1
the shoe

Steve-O
    $200 12
a place card

Steve-O
    $200 17
suffragettes

Jill
    $400 23
(Saurabh: What are pineapples?)

bananas

Saurabh
Triple Stumper
    $400 27
Pirates of the Caribbean

Jill
    $400 9
Starbucks

Steve-O
    $400 2
Circus Circus

Jill
    $400 13
backspace

Steve-O
    $1,200 18
(Jill: What is double jeopardy?)
(Alex: No, what is--thank you for the plug, but what is [*]?)

double indemnity

Jill
    $600 24
sunflowers

Jill
    $600 28
Mike Tyson

Steve-O
    $600 10
chief of staff

Saurabh
    $600 3
surrender

Jill
    $600 14
a potato sack race

Saurabh
    $600 19
dismemberment

Jill
    $800 25
a fleur-de-lis

Steve-O
    $800 29
[The end-of-round signal sounds.]

Marvin Gaye

Saurabh
    $800 11
#NeverAgain

Triple Stumper
    $800 5
(Steve-O: What is Harvard?)

MIT

Steve-OSaurabh
    $800 15
a carapace

Steve-O
    $800 20
an actuary

Jill
    $1000 26
(Saurabh: What is a water lily?)
(Alex: Be more specific.)
(Saurabh: What is a...)

a lotus

JillSaurabh
    $1000 22
Laura Hillenbrand

Triple Stumper
    $1000 8
soft

Steve-O
    $1000 16
Topher Grace

Saurabh
    $1000 21
FEMA

Jill

Scores at the first commercial break (after clue 15):

Steve-O Jill Saurabh
$2,600 $1,000 $2,000

Scores at the end of the Jeopardy! Round:

Steve-O Jill Saurabh
$4,000 $4,400 $2,400

Double Jeopardy! Round responses

GODS & GODDESSES
THE TV BIZ
GEOGRAPH"E"
AWARD ETYMOLOGY
WORLD LEADERS OF 2018
(Alex: And I don't know why we follow it with--)
OXYMORONS
(Alex: What does that say about us and world leaders?)
    $400 15
Pan

Steve-O
    $400 21
(Alex: [Facing the camera] We don't like [*].)

pre-emptions

Triple Stumper
    $400 1
the elevation

Steve-O
    $400 10
raspberries

Jill
    $400 26
Macron

Steve-O
    $400 16
the Jumbo Shrimp

Steve-O
    $800 2
Isis

Jill
    $800 22
(Steve-O: What's the... Tennis Network? [*]? What is [*]?)

the Tennis Channel

Steve-O
    $4,000 6
an estuary

Steve-O
    $800 11
off Broadway

Jill
    $800 27
(Justin) Trudeau

Jill
    $800 17
Icy Hot

Jill
    $1200 3
the Celts

Steve-O
    $1200 23
Hulu

Jill
    $1200 7
Edmonton

Jill
    $1200 12
Antoinette

Jill
    $1200 28
Nicaragua

Jill
    $1200 18
good grief

Triple Stumper
    $3,000 4
Jupiter

Steve-O
    $1600 24
(Alex: With less than a minute now.)

Univision

Jill
    $1600 8
an exclave

Jill
    $1600 13
(Steve-O: Who is Swift?)

John Newbery

Steve-O
Triple Stumper
    $1600 29
(Steve-O: What is Poland?)
...
[The end-of-round signal sounds.]

Croatia

Steve-OSaurabh
    $1600 19
(Steve-O: What's liquid paper?)

rubber cement

Steve-O
Triple Stumper
    $2000 5
Quetzalcoatl

Steve-O
    $2000 25
Broadcasting & Cable

Triple Stumper
    $2000 9
Everett

Jill
    $2000 14
Clios

Steve-O
    $2000 20
magical realism

Steve-O

Scores at the end of the Double Jeopardy! Round:

Steve-O Jill Saurabh
$15,800 $18,000 $4,000

[wagering suggestions for these scores]

Final Jeopardy! Round responses

19th CENTURY NOVELS
(Alex: Was made into a wonderful film also, starring Audie Murphy.)
SaurabhWhat is The Red Badge of Courage
$1,000
Steve-OWhat is the Red Badge of Courage
$15,700
JillWhat is The Red Badge of Courage
$13,601
The Red Badge of Courage

Final scores:

Steve-O Jill Saurabh
$31,500 $31,601 $5,000
2nd place: $2,000 New champion: $31,601 3rd place: $1,000

Game dynamics:

Coryat scores:

Steve-O Jill Saurabh
$11,200 $19,200 $4,000
21 R
(including 2 DDs),
4 W
21 R,
1 W
(including 1 DD)
6 R,
2 W

Combined Coryat: $34,400

[game clues] [game scores] [suggest correction]

Game tape date: 2018-12-04
The J! Archive is created by fans, for fans. Scraping, republication, monetization, and malicious use prohibited; this site may use cookies and collect identifying information. See terms. The Jeopardy! game show and all elements thereof, including but not limited to copyright and trademark thereto, are the property of Jeopardy Productions, Inc. and are protected under law. This website is not affiliated with, sponsored by, or operated by Jeopardy Productions, Inc. Join the discussion at JBoard.tv.